Formula one drivers line-up 2012 - Statistics

General Stats
  • This quiz has been taken 137 times
  • The average score is 20 of 25
Answer Stats
Constructor Rounds Driver Nationality % Correct
Red Bull All Sebastian Vettel Germany
97%
Red Bull All Mark Webber Australia
95%
Ferrari All Fernando Alonso Spain
94%
McLaren All Jenson Button UK
94%
McLaren All Lewis Hamilton UK
94%
Ferrari All Felipe Massa Brazil
92%
Mercedes All Nico Rosberg Germany
91%
Mercedes All Michael Schumacher Germany
90%
Lotus All Kimi Räikkönen Finland
89%
Sauber All Sergio Pérez Mexico
87%
Toro Rosso All Daniel Ricciardo Australia
86%
Lotus 1-12, 14-20 Romain Grosjean France
85%
Sauber All Kamui Kobayashi Japan
83%
Williams All Pastor Maldonado Venezuela
83%
Caterham All Heikki Kovalainen Finland
77%
Force India All Nico Hülkenberg Germany
77%
HRT All Pedro de la Rosa Spain
76%
Caterham All Vitaly Petrov Russia
76%
Williams All Bruno Senna Brazil
74%
Toro Rosso All Jean-Éric Vergne France
74%
Force India All Paul di Resta UK
71%
HRT All Narain Karthikeyan India
70%
Marussia All Timo Glock Germany
67%
Marussia All Charles Pic France
66%
Lotus 13 Jérôme d'Ambrosio Belgium
61%
No matching quizzes found
Score Distribution
Percent of People with Each Score
Percentile by Number Answered
Your Score History
You have not taken this quiz